Welcome to the Holygrace Academy Library

Please use search bar below to get started

GENERAL KNOWLEDGE QUIZ (Record no. 6606)

MARC details
000 -LEADER
fixed length control field 00369nam a22001577a 4500
020 ## - INTERNATIONAL STANDARD BOOK NUMBER
ISBN 81-7573-041-2
082 ## - DEWEY DECIMAL CLASSIFICATION NUMBER
Classification number 001
Item number MEH/G
100 ## - MAIN ENTRY--AUTHOR NAME
Personal name MEHRA, S K
100 ## - MAIN ENTRY--AUTHOR NAME
Personal name SRIVASTAVA, D K
100 ## - MAIN ENTRY--AUTHOR NAME
Personal name CHUTANI, H K
245 ## - TITLE STATEMENT
Title GENERAL KNOWLEDGE QUIZ
260 ## - PUBLICATION, DISTRIBUTION, ETC. (IMPRINT)
Place of publication DELHI
Name of publisher TINY TOT PUBLICATIONS
Year of publication 1994
300 ## - PHYSICAL DESCRIPTION
Number of Pages 160
650 ## - SUBJECT ADDED ENTRY--TOPICAL TERM
Topical Term GENERAL KNOWLEDGE
Geographic subdivision INDIA
942 ## - ADDED ENTRY ELEMENTS (KOHA)
Koha item type Books
Holdings
Withdrawn status Lost status Collection code Home library Current library Shelving location Date acquired Source of acquisition Cost, normal purchase price Full call number Accession Number Koha item type
    G.K Main Library Main Library SHELF-17B-- G.K RELATED QUIZ BOOK 17/05/2004 purchase 30.00 001 MEH/G 00961 Books